000 01149cab a2200265 4500
001 ABS57997
008 090401t1997 xxu||||| |||| 00| 0 eng d
035 _a(Sirsi) u82041
041 _aeng
245 _aHarries v Barclays Bank plc
260 _c1997
350 _a0
490 _aEstates Gazette Law Reports
_v(1997) 45 EG 145-151(7)
520 _aCA 16 July 1997. Harries (H) granted the bank (B) a legal charge over his agricultural holding. EC introduced milk quotas in 1984. Following appointment of a receiver by the bank, the dairy herd was sold. B took possession of the holding and had milk quota registered in its name. B entered into leases of the quota and received an amount of money. The holding was sold. H`s claims to sums received from leasing the quota and sales was dismissed in the court below. H appealed. Appeal dismissed.
650 _aAGRICULTURAL HOLDINGS
650 _aHARRIES V BARCLAYS BANK PLC
650 _aLEGAL CHARGE
650 _aMILK QUOTAS
650 _aMORTGAGE
650 _aQUOTA LEASING
650 _aRECEIVERS
690 _aRURAL PRACTICE-CASE LAW
942 _n0
948 _c13/11/1997
999 _c51737
_d51737